Southville International School and Colleges
Your cart is empty.
  • Cart
  • Lists
    Public lists Eva Luna New books Lux_list list_1
    Your lists Log in to create your own lists
  • Log in to your account
  • Your cookies
  • Search history
Southville International School and Colleges
  • Advanced search
  • Recent comments
  • Most popular
  • Libraries

Log in to your account

Log in with GOOGLE


If you do not have an external account, but do have a local account, you can still log in:

  1. Home
  2. MARC view: The Lock and Key Library :
Normal view MARC view ISBD view

The Lock and Key Library : (Record no. 231386)

[ view plain ]
MARC details
000 -LEADER
fixed length control field 00987cam a22002773a 4500
001 - CONTROL NUMBER
control field 2047
003 - CONTROL NUMBER IDENTIFIER
control field PGUSA
005 - DATE AND TIME OF LATEST TRANSACTION
control field 20140828083010.0
008 - FIXED-LENGTH DATA ELEMENTS--GENERAL INFORMATION
fixed length control field 000101s2000||||xxu|||||s|||||000 | eng d
040 ## - CATALOGING SOURCE
Original cataloging agency PGUSA
Language of cataloging eng
042 ## - AUTHENTICATION CODE
Authentication code dc
050 #4 - LIBRARY OF CONGRESS CALL NUMBER
Classification number PQ
245 14 - TITLE STATEMENT
Title The Lock and Key Library :
Remainder of title the Most Interesting Stories of All Nations: French Novels
Medium [electronic resource]
260 ## - PUBLICATION, DISTRIBUTION, ETC. (IMPRINT)
Name of publisher, distributor, etc Project Gutenberg,
Date of publication, distribution, etc 2000
505 0# - FORMATTED CONTENTS NOTE
Formatted contents note Count Kostia, by Victor Cherbuliez -- Andre Cornelis, by Paul Bourget -- The Last of the Costellos, by Anonymous -- Lady Betty's Indiscretion, by Anonymous
506 ## - RESTRICTIONS ON ACCESS NOTE
Terms governing access Public domain in the USA.
516 ## - TYPE OF COMPUTER FILE OR DATA NOTE
Type of computer file or data note Electronic text
653 ## - INDEX TERM--UNCONTROLLED
Uncontrolled term French literature
653 ## - INDEX TERM--UNCONTROLLED
Uncontrolled term Detective and mystery stories, French
700 1# - ADDED ENTRY--PERSONAL NAME
Personal name Bourget, Paul,
Dates associated with a name 1852-1935
700 1# - ADDED ENTRY--PERSONAL NAME
Personal name Cherbuliez, Victor,
Dates associated with a name 1829-1899
700 1# - ADDED ENTRY--PERSONAL NAME
Personal name Hawthorne, Julian,
Dates associated with a name 1846-1934
830 #0 - SERIES ADDED ENTRY--UNIFORM TITLE
Uniform title Project Gutenberg
Volume number/sequential designation 2047
856 40 - ELECTRONIC LOCATION AND ACCESS
Uniform Resource Identifier <a href="http://www.gutenberg.org/ebooks/2047">http://www.gutenberg.org/ebooks/2047</a>
942 ## - ADDED ENTRY ELEMENTS (KOHA)
Koha item type eBooks
Holdings
Withdrawn status Lost status Damaged status Home library Current library Date acquired Total Checkouts Date last seen Price effective from Koha item type
      Project Gutenberg Project Gutenberg 08/28/2014   08/28/2014 08/28/2014 eBooks

The Lock and Key Library :

APA

Bourget P., Cherbuliez V. & Hawthorne J. (2000). The Lock and Key Library. : Project Gutenberg.

Chicago

Bourget Paul, Cherbuliez Victor and Hawthorne Julian. 2000. The Lock and Key Library. : Project Gutenberg.

Harvard

Bourget P., Cherbuliez V. and Hawthorne J. (2000). The Lock and Key Library. : Project Gutenberg.

MLA

Bourget Paul, Cherbuliez Victor and Hawthorne Julian. The Lock and Key Library. : Project Gutenberg. 2000.

  • Place hold
  • Print
  • Cite
  • Add to your cart (remove)
  • Save record
    BIBTEX Dublin Core MARCXML MARC (non-Unicode/MARC-8) MARC (Unicode/UTF-8) MARC (Unicode/UTF-8, Standard) MODS (XML) RIS
  • More searches
    Search for this title in:
    Other Libraries (WorldCat) Other Databases (Google Scholar) Online Stores (Bookfinder.com) Open Library (openlibrary.org)

Exporting to Dublin Core...

SOUTHVILLE LIBRARY

Southville International School and Colleges Library

1281 Tropical Ave. Cor. Luxembourg St., BF Homes International, Las Pinas City

Tel. No. 8256374 / 252358 Loc. 117/146

Powered by Koha